[Event "I Open Filadelfia.Chess"]
[Site "Filadelfia ITA"]
[Date "2009.12.05"]
[Round "1"]
[White "Fariselli, Umberto"]
[Black "Merendino, Riccardo"]
[Result "0-1"]
[WhiteElo "1488"]
[BlackElo "1884"]
[PlyCount "47"]
[EventDate "2009.12.05"]

1. e4 c5 2. Nf3 d6 3. d4 cxd4 4. Nxd4 Nf6 5. Nc3 a6 6. f3 e5 7. Nf5 d5 8. Bg5
d4 9. Nd5 Bxf5 10. Bxf6 gxf6 11. Bc4 Be6 12. O-O Nd7 13. f4 Nb6 14. Bb3 Nxd5
15. exd5 Bxd5 16. fxe5 Bxb3 17. exf6 Be6 18. Qf3 Qd5 19. Qe2 Bc5 20. Kh1 Rg8
21. Qf3 O-O-O 22. Rg1 d3 23. cxd3 Bxg1 24. Rxg1 0-1

[Event "I Open Filadelfia.Chess"]
[Site "Filadelfia ITA"]
[Date "2009.12.05"]
[Round "1"]
[White "Fenocchio, Renato"]
[Black "Blasco, Domenico"]
[Result "0-1"]
[WhiteElo "1518"]
[BlackElo "1968"]
[PlyCount "82"]
[EventDate "2009.12.05"]

1. d4 Nf6 2. c4 c5 3. d5 b5 4. b3 g6 5. Nf3 Bg7 6. Bb2 O-O 7. g3 d6 8. Bg2 bxc4
9. bxc4 Nbd7 10. Nbd2 Rb8 11. Qc2 Rxb2 12. Qxb2 Nxd5 13. Qc1 Bxa1 14. cxd5 Bg7
15. O-O Ba6 16. Nc4 Nb6 17. Nxb6 Qxb6 18. Qc2 Rb8 19. Nd2 Bxe2 20. Rb1 Qc7 21.
Rxb8+ Qxb8 22. Nb3 Qb5 23. Qd2 Qd3 24. Qxd3 Bxd3 25. Na5 Kf8 26. Bf1 Bxf1 27.
Kxf1 Ke8 28. Ke2 e6 29. Nc6 a6 30. Nb8 exd5 31. Nxa6 Kd7 32. Nb8+ Kc7 33. Na6+
Kb7 34. Nb4 cxb4 35. Kd3 Kc6 36. Kc2 Kc5 37. f4 Kc4 38. Kc1 Kd3 39. Kb1 Kc3 40.
Kc1 d4 41. Kd1 Kb2 0-1

[Event "I Open Filadelfia.Chess"]
[Site "Filadelfia ITA"]
[Date "2009.12.05"]
[Round "1"]
[White "Mazzotta, Giuseppe Antonio"]
[Black "Mantello, Filippo"]
[Result "0-1"]
[WhiteElo "1383"]
[BlackElo "1640"]
[PlyCount "66"]
[EventDate "2009.12.05"]

1. e4 c5 2. Nf3 d6 3. Bd3 Nc6 4. O-O Nf6 5. Nc3 Bg4 6. Be2 e6 7. d3 Be7 8. b3
O-O 9. a4 a6 10. Na2 b5 11. axb5 axb5 12. c4 b4 13. Bb2 Nd7 14. Nxb4 Nxb4 15.
d4 Rxa1 16. Bxa1 cxd4 17. Bxd4 Nc6 18. h3 Bxf3 19. Bxf3 Nxd4 20. Qxd4 Qb8 21.
Bd1 Nc5 22. Qc3 Nxe4 23. Qd3 Nc5 24. Qc3 Bf6 25. Qa5 Nxb3 26. Bxb3 Qxb3 27. c5
dxc5 28. Qxc5 Rb8 29. Rc1 g6 30. g4 Qxh3 31. Rc3 Qxg4+ 32. Kf1 Bxc3 33. f3
Qxf3+ 0-1

[Event "I Open Filadelfia.Chess"]
[Site "Filadelfia ITA"]
[Date "2009.12.05"]
[Round "1"]
[White "Piccoli, Vincenzo"]
[Black "Luppino, Domenico"]
[Result "1-0"]
[WhiteElo "2014"]
[BlackElo "1536"]
[PlyCount "121"]
[EventDate "2009.12.05"]

1. e4 e5 2. Nf3 d6 3. d4 Nc6 4. dxe5 Nxe5 5. Nxe5 dxe5 6. Qxd8+ Kxd8 7. Bc4 Ke8
8. Nc3 Bb4 9. Bd2 c6 10. O-O-O Nf6 11. f3 a5 12. a3 Bxc3 13. Bxc3 Nd7 14. Rd2
b5 15. Ba2 b4 16. axb4 axb4 17. Bxb4 Rxa2 18. Kb1 Ra4 19. c3 f6 20. Rhd1 Ra7
21. Rd6 Kf7 22. Rxc6 Re8 23. c4 Nf8 24. Bxf8 Kxf8 25. b4 Bd7 26. Rb6 Rea8 27.
Rd5 Ra1+ 28. Kc2 R8a2+ 29. Kd3 Ra3+ 30. Ke2 R3a2+ 31. Rd2 Rxd2+ 32. Kxd2 Ra2+
33. Kd3 Rxg2 34. c5 Rxh2 35. Rb8+ Ke7 36. Rb7 Ke6 37. b5 Bxb5+ 38. Rxb5 Ra2 39.
Rb6+ Kd7 40. Rb7+ Kc6 41. Rxg7 Kxc5 42. Rxh7 Ra3+ 43. Ke2 Ra2+ 44. Ke3 Ra3+ 45.
Kf2 Ra2+ 46. Kg3 Kd4 47. Rd7+ Kc5 48. Rf7 Ra6 49. Kg4 Re6 50. Kf5 Kd6 51. Rxf6
Rxf6+ 52. Kxf6 Kd7 53. Kxe5 Ke7 54. f4 Kf7 55. f5 Ke7 56. f6+ Kf7 57. Kf5 Kf8
58. Ke6 Ke8 59. f7+ Kf8 60. e5 Kg7 61. Ke7 1-0

[Event "I Open Filadelfia.Chess"]
[Site "Filadelfia ITA"]
[Date "2009.12.05"]
[Round "1"]
[White "Santagati, Alessandro"]
[Black "Paragliola, Gennaro"]
[Result "1-0"]
[WhiteElo "2176"]
[BlackElo "1606"]
[PlyCount "39"]
[EventDate "2009.12.05"]

1. d4 Nf6 2. Nc3 d5 3. Bg5 g6 4. Bxf6 exf6 5. h4 c6 6. h5 g5 7. Qd3 Bg7 8. h6
Bf8 9. O-O-O Bd6 10. e4 Be6 11. exd5 cxd5 12. Re1 O-O 13. g3 Nc6 14. Bh3 g4 15.
Bg2 f5 16. Rh5 Bb4 17. Rxf5 Bxf5 18. Qxf5 Bxc3 19. Qxg4+ Kh8 20. Qg7# 1-0

[Event "I Open Filadelfia.Chess"]
[Site "Filadelfia ITA"]
[Date "2009.12.05"]
[Round "1"]
[White "Scalise, Sandro"]
[Black "Gugliotta, Domenico F."]
[Result "1-0"]
[WhiteElo "1676"]
[BlackElo "1398"]
[PlyCount "31"]
[EventDate "2009.12.05"]

1. d4 d5 2. Nc3 Bf5 3. f3 e6 4. e4 dxe4 5. fxe4 Bg6 6. Bf4 Nc6 7. Nf3 Qf6 8.
Bg5 Qxg5 9. Nxg5 O-O-O 10. Nf3 e5 11. d5 Nb4 12. Nxe5 Nxc2+ 13. Qxc2 Bh5 14.
Nb5 c5 15. d6 b6 16. Qa4 1-0

[Event "I Open Filadelfia.Chess"]
[Site "Filadelfia ITA"]
[Date "2009.12.05"]
[Round "1"]
[White "Scerbo, Antonio"]
[Black "Violi, Vincenzo"]
[Result "1-0"]
[WhiteElo "2095"]
[BlackElo "1590"]
[PlyCount "39"]
[EventDate "2009.12.05"]

1. d4 Nf6 2. c4 e6 3. Nf3 b6 4. a3 Bb7 5. Nc3 d6 6. Qc2 c5 7. d5 exd5 8. cxd5
Nxd5 9. Bg5 f6 10. Bh4 Nxc3 11. bxc3 Be7 12. e3 O-O 13. Bd3 g6 14. Bg3 Nd7 15.
h4 Kg7 16. h5 Rh8 17. O-O-O f5 18. Bc4 Nf6 19. Ng5 d5 20. Ne6+ 1-0

[Event "I Open Filadelfia.Chess"]
[Site "Filadelfia ITA"]
[Date "2009.12.05"]
[Round "1"]
[White "Serratore, Vincenzo"]
[Black "Carlomagno, Vincenzo"]
[Result "1/2-1/2"]
[WhiteElo "1909"]
[BlackElo "1569"]
[PlyCount "45"]
[EventDate "2009.12.05"]

1. d4 Nf6 2. Nd2 d5 3. Ngf3 e6 4. Ne5 Bd6 5. e3 O-O 6. Bd3 c5 7. c3 Nbd7 8. f4
Qc7 9. Ndf3 b6 10. O-O Bb7 11. Bd2 Ne4 12. Be1 f6 13. Nxd7 Qxd7 14. Qc2 Rac8
15. Nd2 f5 16. Nf3 a6 17. Ne5 Bxe5 18. fxe5 Qe7 19. Qe2 Qg5 20. Rf4 b5 21. Kh1
Qe7 22. a4 c4 23. Bc2 1/2-1/2

[Event "I Open Filadelfia.Chess"]
[Site "Filadelfia ITA"]
[Date "2009.12.05"]
[Round "1"]
[White "Soluri, Francesco"]
[Black "Scerra, Ezio"]
[Result "1-0"]
[WhiteElo "1640"]
[BlackElo "1326"]
[PlyCount "67"]
[EventDate "2009.12.05"]

1. Nf3 g6 2. d4 Bg7 3. Bf4 Nf6 4. h3 Na6 5. Nbd2 O-O 6. e4 c5 7. c3 b6 8. Bd3
Nc7 9. O-O Ba6 10. Qe2 Bxd3 11. Qxd3 d6 12. Rfd1 Nh5 13. Bh2 Ne6 14. Nc4 Nef4
15. Bxf4 Nxf4 16. Qe3 Bh6 17. Kh1 Kg7 18. Qe1 Qc8 19. e5 d5 20. Ne3 Nxh3 21.
gxh3 Qxh3+ 22. Nh2 Bf4 23. Qg1 e6 24. Qg2 Qh5 25. Neg4 g5 26. Nf6 Qg6 27. Rd3
Qxd3 28. Nh5+ Kh8 29. Ng4 Qe4 30. f3 cxd4 31. fxe4 dxc3 32. exd5 exd5 33. bxc3
Rfd8 34. Nhf6 1-0

[Event "I Open Filadelfia.Chess"]
[Site "Filadelfia ITA"]
[Date "2009.12.05"]
[Round "1"]
[White "Tricomi, Massimo"]
[Black "Battaglia, Domenica"]
[Result "1-0"]
[WhiteElo "1916"]
[BlackElo "1512"]
[PlyCount "117"]
[EventDate "2009.12.05"]

1. c4 e6 2. d4 Nf6 3. Nc3 d5 4. cxd5 exd5 5. Bg5 Be7 6. e3 Bf5 7. Qb3 b6 8.
Bxf6 Bxf6 9. Qxd5 Qxd5 10. Nxd5 Kd7 11. Nxf6+ gxf6 12. Bc4 Be6 13. d5 Bf5 14.
Ne2 Rg8 15. Ng3 Bg6 16. h4 h5 17. Be2 Rh8 18. Rc1 Kd6 19. O-O f5 20. Rc3 a5 21.
Rfc1 Ra7 22. Bf3 f6 23. Ne2 Be8 24. Nf4 Na6 25. Ne6 Rh7 26. Nd4 Bd7 27. Nc6 Rb7
28. a3 Nc5 29. Nxa5 bxa5 30. Rxc5 a4 31. R5c2 Be8 32. g3 Rb6 33. Rd2 Rd7 34.
Bd1 Rd8 35. Rc4 Bb5 36. Rb4 Ra8 37. Rdd4 c5 38. dxc6+ Kxc6 39. Bxa4 Bxa4 40.
Rxa4 Rxa4 41. Rxa4 Rxb2 42. Rf4 Rb5 43. a4 Ra5 44. Kg2 Kd6 45. Rb4 Ke6 46. Kf3
Re5 47. Rb5 Re4 48. a5 Ra4 49. Rb6+ Kf7 50. a6 Kg6 51. Ke2 Ra2+ 52. Kd3 Rxf2
53. Rb8 Ra2 54. Ra8 Ra3+ 55. Kd4 Ra4+ 56. Kc5 Ra3 57. a7 Rxe3 58. Rg8+ Kf7 59.
a8=Q 1-0

[Event "I Open Filadelfia.Chess"]
[Site "Filadelfia ITA"]
[Date "2009.12.05"]
[Round "1"]
[White "Vacchiano, Salvatore"]
[Black "Caizzone, Vito"]
[Result "1/2-1/2"]
[WhiteElo "1605"]
[BlackElo "2149"]
[PlyCount "45"]
[EventDate "2009.12.05"]

1. d4 Nf6 2. c4 e6 3. Nf3 d5 4. Bg5 Be7 5. Nc3 O-O 6. Qc2 c6 7. e3 Nbd7 8. Bd3
h6 9. h4 hxg5 10. hxg5 Ne4 11. Nxe4 dxe4 12. Bxe4 Bb4+ 13. Ke2 f5 14. gxf6 Qxf6
15. Bg6 Rd8 16. Rh4 Bd6 17. Rah1 Kf8 18. Ne5 Nxe5 19. Rf4 Ng4 20. Rxf6+ Nxf6
21. e4 e5 22. c5 Be6 23. cxd6 1/2-1/2

[Event "I Open Filadelfia.Chess"]
[Site "Filadelfia ITA"]
[Date "2009.12.06"]
[Round "2"]
[White "Arnetta, Maria Teresa"]
[Black "Familari, Giuseppe"]
[Result "1-0"]
[WhiteElo "2046"]
[BlackElo "1832"]
[PlyCount "47"]
[EventDate "2009.12.05"]

1. e4 d6 2. d4 Nf6 3. Nc3 e5 4. dxe5 dxe5 5. Qxd8+ Kxd8 6. Bg5 Be6 7. O-O-O+
Nbd7 8. f4 exf4 9. Nf3 h6 10. Bxf4 c6 11. Nd4 Bg4 12. Rd3 Bb4 13. h3 Bh5 14. e5
Bg6 15. exf6 Bxd3 16. fxg7 Rg8 17. Bxd3 Bxc3 18. bxc3 Rxg7 19. g4 Nc5 20. Bf5
h5 21. gxh5 Nd7 22. h6 Rg8 23. h7 Rh8 24. Re1 1-0

[Event "I Open Filadelfia.Chess"]
[Site "Filadelfia ITA"]
[Date "2009.12.06"]
[Round "2"]
[White "Battaglia, Domenica"]
[Black "Mazzotta, Giuseppe Antonio"]
[Result "1-0"]
[WhiteElo "1512"]
[BlackElo "1383"]
[PlyCount "65"]
[EventDate "2009.12.05"]

1. e4 e5 2. Nf3 Nf6 3. Nc3 d6 4. Bc4 Nc6 5. h3 Na5 6. Bb3 c5 7. d3 b6 8. Ng5 h6
9. Nxf7 Bg4 10. hxg4 Qd7 11. Nxh8 Rc8 12. Ba4 Nc6 13. f3 a6 14. Nd5 b5 15. Nb6
Qd8 16. Nxc8 Qxc8 17. Bb3 Na5 18. Bd2 b4 19. a3 Qc7 20. axb4 cxb4 21. Bxb4 Nc6
22. Bc3 a5 23. Ng6 Nd7 24. Nxf8 Nxf8 25. Qd2 Ne6 26. Bxe6 Nd8 27. Bxa5 Qe7 28.
Bxd8 Kxd8 29. Ra8+ Kc7 30. Ra7+ Kd8 31. Qa5+ Qc7 32. Qxc7+ Ke8 33. Qe7# 1-0

[Event "I Open Filadelfia.Chess"]
[Site "Filadelfia ITA"]
[Date "2009.12.06"]
[Round "2"]
[White "Bellantoni, Corrado"]
[Black "Carbone, Edoardo"]
[Result "1/2-1/2"]
[WhiteElo "1464"]
[BlackElo "1569"]
[PlyCount "28"]
[EventDate "2009.12.05"]

1. e4 c5 2. Nf3 d6 3. c4 Nc6 4. Nc3 Nf6 5. d4 cxd4 6. Nxd4 e6 7. Nc2 Be7 8. Be2
O-O 9. O-O a6 10. Be3 Qc7 11. Qe1 Ne5 12. b3 Bd7 13. f3 Rac8 14. Bd2 Ng6
1/2-1/2

[Event "I Open Filadelfia.Chess"]
[Site "Filadelfia ITA"]
[Date "2009.12.06"]
[Round "2"]
[White "Berardi, Emiliano"]
[Black "Serratore, Vincenzo"]
[Result "0-1"]
[WhiteElo "1503"]
[BlackElo "1909"]
[PlyCount "46"]
[EventDate "2009.12.05"]

1. d4 d5 2. Bf4 Nf6 3. e3 h6 4. Bd3 Nc6 5. c3 e6 6. Nf3 Bd6 7. Bxd6 Qxd6 8.
Nbd2 e5 9. dxe5 Nxe5 10. Nxe5 Qxe5 11. Nf3 Qd6 12. Qa4+ Bd7 13. Qd4 O-O 14. O-O
c5 15. Qh4 Rfe8 16. h3 a5 17. Rad1 Qb6 18. Rd2 Bc6 19. Be2 Re4 20. Qg3 Ra4 21.
a3 Ne4 22. Qe5 Re8 23. Qf5 g6 0-1

[Event "I Open Filadelfia.Chess"]
[Site "Filadelfia ITA"]
[Date "2009.12.06"]
[Round "2"]
[White "Blasco, Domenico"]
[Black "Scalise, Sandro"]
[Result "1-0"]
[WhiteElo "1968"]
[BlackElo "1676"]
[PlyCount "57"]
[EventDate "2009.12.05"]

1. d4 d5 2. Nf3 Nf6 3. e3 Bf5 4. Bd3 Bxd3 5. Qxd3 e6 6. Qb5+ Nbd7 7. Qxb7 c5 8.
dxc5 Bxc5 9. O-O Rb8 10. Qa6 O-O 11. a3 Ne4 12. b4 Rb6 13. Qe2 Be7 14. Bb2 Bf6
15. Bxf6 Qxf6 16. Nbd2 Nc3 17. Qd3 Rc8 18. Nb3 e5 19. Qd2 Ne4 20. Qxd5 Qc6 21.
c4 Qxc4 22. Qxd7 Rd6 23. Qf5 Rf6 24. Qxe5 Re6 25. Qb2 g5 26. Rac1 Nc3 27. Nc5
Ne2+ 28. Kh1 Nxc1 29. Rxc1 1-0

[Event "I Open Filadelfia.Chess"]
[Site "Filadelfia ITA"]
[Date "2009.12.06"]
[Round "2"]
[White "Caizzone, Vito"]
[Black "Soluri, Francesco"]
[Result "1-0"]
[WhiteElo "2149"]
[BlackElo "1640"]
[PlyCount "53"]
[EventDate "2009.12.05"]

1. e4 c6 2. d4 d5 3. Nd2 dxe4 4. Nxe4 Bf5 5. Ng3 Bg6 6. f4 e6 7. Nf3 Nd7 8. h4
h6 9. h5 Bh7 10. Bd3 Bxd3 11. Qxd3 Ngf6 12. Bd2 Be7 13. O-O-O Ng4 14. Rhf1 Qc7
15. Ne5 Ngf6 16. f5 Nxe5 17. dxe5 Qxe5 18. fxe6 Qxe6 19. Rfe1 Qd5 20. Nf5 Qxd3
21. Rxe7+ Kf8 22. cxd3 Nxh5 23. Bc3 f6 24. Bb4 Kg8 25. g4 g6 26. gxh5 gxf5 27.
Rg1+ 1-0

[Event "I Open Filadelfia.Chess"]
[Site "Filadelfia ITA"]
[Date "2009.12.06"]
[Round "2"]
[White "Carlomagno, Vincenzo"]
[Black "Zampaglione, Davide"]
[Result "1-0"]
[WhiteElo "1569"]
[BlackElo "1677"]
[PlyCount "47"]
[EventDate "2009.12.05"]

1. e4 e5 2. Nf3 Nf6 3. Nxe5 d6 4. Nf3 Nxe4 5. Nc3 Nf6 6. d4 d5 7. Bd3 Bb4 8.
O-O O-O 9. Bg5 c6 10. a3 Be7 11. h3 Be6 12. Ne2 Qd7 13. Ne5 Qc8 14. Ng3 Qd8 15.
f4 Ne8 16. Qh5 g6 17. Qh6 Bxg5 18. fxg5 f5 19. Nxg6 hxg6 20. Qxg6+ Ng7 21. Nh5
Qe7 22. Nf6+ Rxf6 23. gxf6 Bf7 24. Qxg7# 1-0

[Event "I Open Filadelfia.Chess"]
[Site "Filadelfia ITA"]
[Date "2009.12.06"]
[Round "2"]
[White "Cicero, Angelo"]
[Black "Dagnino, Marcello"]
[Result "0-1"]
[WhiteElo "1437"]
[BlackElo "1565"]
[PlyCount "122"]
[EventDate "2009.12.05"]

1. e4 c5 2. Bc4 e6 3. Nc3 a6 4. a4 Nc6 5. d3 g6 6. Nf3 Bg7 7. Bd2 Nge7 8. h3
O-O 9. O-O d5 10. exd5 exd5 11. Bb3 Nb4 12. Qc1 Re8 13. Bh6 Bh8 14. Qf4 Nf5 15.
Ng5 Re7 16. Rfe1 Nxh6 17. Rxe7 Qxe7 18. Nxd5 Nxd5 19. Bxd5 Bf5 20. g4 Bf6 21.
Nf3 g5 22. Qd2 Be6 23. Re1 Re8 24. h4 Qd7 25. Bxe6 Rxe6 26. Rxe6 Qxe6 27. Nh2
Be7 28. f3 gxh4 29. Kg2 Kf8 30. Kh3 Ng8 31. f4 f5 32. Qg2 fxg4+ 33. Nxg4 h5 34.
c4 hxg4+ 35. Qxg4 Qxg4+ 36. Kxg4 Bf6 37. b3 Kf7 38. Kf3 Ke6 39. Ke3 Kf5 40. Kf3
Ne7 41. Ke3 Ng6 42. Kf2 Kxf4 43. Kg2 Kg4 44. Kh2 Be5+ 45. Kg2 Nf4+ 46. Kh2
Nxd3+ 47. Kg2 h3+ 48. Kh1 Ne1 49. Kg1 Nf3+ 50. Kh1 Nd2 51. Kg1 Nxb3 52. Kh1 Nd2
53. Kg1 Nxc4 54. Kf2 Nd6 55. a5 c4 56. Kg1 c3 57. Kf1 c2 58. Kf2 c1=Q 59. Ke2
Qc2+ 60. Ke1 Kf3 61. Kf1 Qf2# 0-1

[Event "I Open Filadelfia.Chess"]
[Site "Filadelfia ITA"]
[Date "2009.12.06"]
[Round "2"]
[White "Forlano, Luigi"]
[Black "Carbone, Stefano"]
[Result "1-0"]
[WhiteElo "2018"]
[BlackElo "1758"]
[PlyCount "43"]
[EventDate "2009.12.05"]

1. e4 g6 2. d4 Bg7 3. Be3 d6 4. Qd2 a6 5. Bd3 Nd7 6. Ne2 e5 7. c3 c5 8. a4 b6
9. Na3 Bb7 10. Nc4 Qc7 11. f4 f6 12. O-O Ne7 13. dxe5 dxe5 14. Bc2 Nc8 15. fxe5
Nxe5 16. Nxe5 Qxe5 17. Bb3 Qxe4 18. Ng3 Qc6 19. Rad1 Ne7 20. Ne4 Nf5 21. Rxf5
Qxe4 22. Qd7+ 1-0

[Event "I Open Filadelfia.Chess"]
[Site "Filadelfia ITA"]
[Date "2009.12.06"]
[Round "2"]
[White "Gugliotta, Domenico F."]
[Black "Fenocchio, Renato"]
[Result "0-1"]
[WhiteElo "1398"]
[BlackElo "1518"]
[PlyCount "45"]
[EventDate "2009.12.05"]

1. e4 d5 2. Nc3 d4 3. Nd5 e6 4. Nf4 e5 5. Nfh3 Nf6 6. f3 Be7 7. Bc4 Nfd7 8. d3
Nb6 9. Bb3 Nc6 10. Bd2 Bh4+ 11. g3 Be7 12. a3 h6 13. Qe2 Qd6 14. O-O-O Be6 15.
Bc4 Bxc4 16. dxc4 Qc5 17. Qd3 Nxc4 18. Ne2 N6a5 19. Bxa5 Nxa5 20. f4 Nc4 21.
fxe5 Qb5 22. Qxd4 Rd8 23. Qxa7 0-1

[Event "I Open Filadelfia.Chess"]
[Site "Filadelfia ITA"]
[Date "2009.12.06"]
[Round "2"]
[White "Luppino, Domenico"]
[Black "Costantino, Gregorio"]
[Result "1-0"]
[WhiteElo "1536"]
[BlackElo "1413"]
[PlyCount "107"]
[EventDate "2009.12.05"]

1. e4 d6 2. d4 Nf6 3. Nc3 Nbd7 4. Nf3 e5 5. Bb5 c6 6. Bc4 Be7 7. Be3 b5 8. Bb3
a5 9. a3 Bb7 10. d5 b4 11. axb4 axb4 12. Rxa8 Qxa8 13. Na2 c5 14. Qd3 Ba6 15.
Bc4 Bxc4 16. Qxc4 Nb6 17. Qb5+ Nfd7 18. Nc1 Qa4 19. Qxa4 Nxa4 20. Nd3 Nf6 21.
Nd2 Ng4 22. O-O Nxe3 23. fxe3 O-O 24. Nc4 Rd8 25. Ra1 Ra8 26. Rf1 Bd8 27. Nxd6
Bg5 28. Nxe5 Bxe3+ 29. Kh1 f6 30. Nec4 Bd4 31. b3 Nb2 32. Nxb2 Bxb2 33. Nb7 Bd4
34. d6 Kf8 35. d7 Ke7 36. d8=Q+ Rxd8 37. Nxd8 Kxd8 38. Rf3 Ke7 39. g3 Ke6 40.
Rf5 g6 41. Rf1 Ke5 42. Re1 Bc3 43. Re2 Kd4 44. Kg2 Ke5 45. Kf3 h5 46. h4 Bd4
47. g4 Bc3 48. gxh5 gxh5 49. Rg2 Bd4 50. Rg6 f5 51. Rg5 Ke6 52. exf5+ Kf6 53.
Rxh5 Be5 54. Ke4 1-0

[Event "I Open Filadelfia.Chess"]
[Site "Filadelfia ITA"]
[Date "2009.12.06"]
[Round "2"]
[White "Mantello, Filippo"]
[Black "Tricomi, Massimo"]
[Result "1/2-1/2"]
[WhiteElo "1640"]
[BlackElo "1916"]
[PlyCount "95"]
[EventDate "2009.12.05"]

1. e4 d6 2. Nf3 Nf6 3. Nc3 g6 4. d4 Bg7 5. Bc4 O-O 6. O-O Nxe4 7. Nxe4 d5 8.
Bxd5 Qxd5 9. Nc3 Qh5 10. h3 Nd7 11. Qe2 e5 12. Be3 c6 13. Rad1 exd4 14. Bxd4
Nf6 15. Qe5 Qxe5 16. Nxe5 Be6 17. a3 Rfd8 18. Rfe1 Bf5 19. Re2 Nd5 20. Nxd5
Rxd5 21. Nf3 Rad8 22. c4 R5d7 23. Red2 Bh6 24. Be3 Bxe3 25. fxe3 Rxd2 26. Rxd2
Rxd2 27. Nxd2 Kf8 28. Kf2 Ke7 29. Kf3 b6 30. Kf4 f6 31. h4 Bd3 32. e4 Ke6 33.
Ke3 Bc2 34. Kd4 c5+ 35. Ke3 h6 36. Kf4 g5+ 37. hxg5 hxg5+ 38. Ke3 Bd1 39. Kd3
Ke5 40. Ke3 g4 41. g3 Bc2 42. b3 a5 43. a4 Bd1 44. Kd3 Bf3 45. Ke3 Bg2 46. Kd3
Bf3 47. Ke3 Bg2 48. Kd3 1/2-1/2

[Event "I Open Filadelfia.Chess"]
[Site "Filadelfia ITA"]
[Date "2009.12.06"]
[Round "2"]
[White "Merendino, Riccardo"]
[Black "Santagati, Alessandro"]
[Result "0-1"]
[WhiteElo "1884"]
[BlackElo "2176"]
[PlyCount "86"]
[EventDate "2009.12.05"]

1. e4 e6 2. d4 d5 3. Nc3 Bb4 4. Nge2 dxe4 5. a3 Be7 6. Nxe4 Nf6 7. Nxf6+ Bxf6
8. Be3 O-O 9. Qd2 c5 10. O-O-O Qb6 11. Nc3 cxd4 12. Bxd4 Bxd4 13. Qxd4 Qxd4 14.
Rxd4 Nc6 15. Rd1 e5 16. Bc4 Bf5 17. Rhe1 Rfe8 18. Nb5 Re7 19. Nd6 Bg6 20. Bd3
Rd8 21. Bxg6 hxg6 22. f4 b6 23. fxe5 Rxe5 24. Rxe5 Nxe5 25. Nb5 Re8 26. Nc7 Rc8
27. Nb5 a6 28. Nc3 f6 29. Nd5 Rb8 30. Nb4 a5 31. Nd3 Ng4 32. h3 Ne3 33. Rd2 Rc8
34. Re2 Nf5 35. Re6 Nd4 36. Rxb6 Rxc2+ 37. Kb1 Rxg2 38. Ra6 Rg3 39. Nf4 g5 40.
Ne6 Nxe6 41. Rxe6 Rxh3 42. Ra6 g4 43. Rxa5 g3 0-1

[Event "I Open Filadelfia.Chess"]
[Site "Filadelfia ITA"]
[Date "2009.12.06"]
[Round "2"]
[White "Olivo, Paolo"]
[Black "Piccoli, Vincenzo"]
[Result "0-1"]
[WhiteElo "1679"]
[BlackElo "2014"]
[PlyCount "50"]
[EventDate "2009.12.05"]

1. e4 c5 2. Nf3 d6 3. d4 cxd4 4. Nxd4 Nf6 5. Nc3 a6 6. Be3 e6 7. Qd2 b5 8. f3
Nbd7 9. Bd3 Bb7 10. O-O-O Rc8 11. Kb1 b4 12. Na4 d5 13. exd5 Nxd5 14. Qe2 Qa5
15. b3 Nc5 16. Nxe6 Nxe6 17. Bc4 Rxc4 18. bxc4 Nxe3 19. Qxe3 Qxa4 20. Qa7 Qc6
21. Rd5 Bc5 22. Qb8+ Qc8 23. Qe5 O-O 24. Rd3 Be7 25. h4 Bf6 0-1

[Event "I Open Filadelfia.Chess"]
[Site "Filadelfia ITA"]
[Date "2009.12.06"]
[Round "2"]
[White "Paragliola, Gennaro"]
[Black "Fariselli, Umberto"]
[Result "1/2-1/2"]
[WhiteElo "1606"]
[BlackElo "1488"]
[PlyCount "158"]
[EventDate "2009.12.05"]

1. d4 Nf6 2. c4 c6 3. Nf3 d6 4. Nc3 Bg4 5. e4 g6 6. h3 Bxf3 7. Qxf3 Bg7 8. Bf4
O-O 9. Qe3 Qb6 10. b3 Nh5 11. Ne2 Nxf4 12. Qxf4 Bxd4 13. Nxd4 Qxd4 14. Rd1 Qc3+
15. Rd2 Nd7 16. Be2 Ne5 17. O-O f5 18. exf5 Rxf5 19. Qd4 Qxd4 20. Rxd4 b6 21.
Re1 Raf8 22. f3 Rf4 23. Rxf4 Rxf4 24. g3 Rf7 25. f4 Nd7 26. Bg4 Nf8 27. Bf3 Kg7
28. Bxc6 h5 29. Bd5 e6 30. Bxe6 Re7 31. f5 gxf5 32. Rf1 Rxe6 33. Rxf5 Re5 34.
Rf4 Ng6 35. Rd4 Re6 36. Rd5 Kh6 37. Kf2 Rf6+ 38. Ke3 Ne7 39. Rd3 Nf5+ 40. Ke4
Ne7 41. Kd4 Rg6 42. Rf3 Nc6+ 43. Kc3 Ne5 44. Re3 Rf6 45. Kd4 Rf3 46. Rxf3 Nxf3+
47. Kd5 Ng5 48. h4 Nf7 49. Ke6 Kg6 50. b4 Ne5 51. c5 bxc5 52. bxc5 dxc5 53.
Kxe5 c4 54. Kd4 c3 55. Kxc3 Kf5 56. Kd3 Kg4 57. Ke3 Kxg3 58. a4 Kxh4 59. Kf4
Kh3 60. Kf3 Kh2 61. Kf2 h4 62. a5 Kh3 63. a6 Kh2 64. Kf1 Kg3 65. Kg1 Kf4 66.
Kh2 Ke4 67. Kh3 Kd5 68. Kxh4 Kc6 69. Kg4 Kb6 70. Kf4 Kxa6 71. Ke4 Kb5 72. Kd3
a5 73. Kc3 Ka4 74. Kc4 Ka3 75. Kc3 a4 76. Kc2 Ka2 77. Kc3 a3 78. Kc2 Ka1 79.
Kc1 a2 1/2-1/2

[Event "I Open Filadelfia.Chess"]
[Site "Filadelfia ITA"]
[Date "2009.12.06"]
[Round "2"]
[White "Rametta, Marcello"]
[Black "Scerbo, Antonio"]
[Result "0-1"]
[WhiteElo "1771"]
[BlackElo "2095"]
[PlyCount "62"]
[EventDate "2009.12.05"]

1. e4 c5 2. c3 d5 3. Bb5+ Bd7 4. Bxd7+ Qxd7 5. exd5 Qxd5 6. Qf3 Nf6 7. d3 Nc6
8. Qxd5 Nxd5 9. Nf3 e5 10. Na3 O-O-O 11. Ng5 Rd7 12. O-O f6 13. Ne4 Be7 14. Nc2
Rhd8 15. Rd1 Nc7 16. Ne1 c4 17. Be3 Ne6 18. b4 b6 19. a4 f5 20. Nd2 cxd3 21.
Nc4 e4 22. Bxb6 axb6 23. Nxb6+ Kb7 24. Nxd7 Rxd7 25. a5 Bf6 26. Ra3 Ka6 27. g3
Nc7 28. Rb3 Kb5 29. Ng2 Nd5 30. Ne3 Nxc3 31. Rd2 Nd4 0-1

[Event "I Open Filadelfia.Chess"]
[Site "Filadelfia ITA"]
[Date "2009.12.06"]
[Round "2"]
[White "Zampaglione, Francesco"]
[Black "Vacchiano, Salvatore"]
[Result "1-0"]
[WhiteElo "1425"]
[BlackElo "1605"]
[PlyCount "59"]
[EventDate "2009.12.05"]

1. d4 d6 2. Nf3 Nf6 3. e3 g6 4. Bd3 Bg7 5. Nbd2 Nbd7 6. O-O O-O 7. c4 c5 8. b3
a6 9. Bb2 Qc7 10. Qc2 cxd4 11. exd4 Re8 12. d5 Nc5 13. Ne4 Nxd3 14. Nxf6+ exf6
15. Qxd3 Bf5 16. Qd2 b5 17. Qb4 Rab8 18. Ba3 bxc4 19. Qxc4 Qb6 20. Nd4 Bd7 21.
Nc6 Rbc8 22. Rac1 f5 23. Bxd6 Bxc6 24. dxc6 Re4 25. Qc5 Bd4 26. Qxb6 Bxb6 27.
c7 Rd4 28. Rc6 Rxd6 29. Rxd6 Bxc7 30. Rxa6 1-0

[Event "I Open Filadelfia.Chess"]
[Site "Filadelfia ITA"]
[Date "2009.12.06"]
[Round "3"]
[White "Carbone, Edoardo"]
[Black "Paragliola, Gennaro"]
[Result "1-0"]
[WhiteElo "1569"]
[BlackElo "1606"]
[PlyCount "63"]
[EventDate "2009.12.05"]

1. e4 g6 2. d4 d6 3. Nc3 Bg7 4. Be3 Nf6 5. f3 O-O 6. Qd2 e5 7. d5 c6 8. Bc4
cxd5 9. Nxd5 Be6 10. Nxf6+ Bxf6 11. Bxe6 fxe6 12. O-O-O Be7 13. Kb1 Nc6 14. Nh3
Qa5 15. Qd3 Rac8 16. Qb3 Kf7 17. Rhf1 Qb4 18. Qxb4 Nxb4 19. c3 Na6 20. Ng5+
Bxg5 21. Bxg5 Rc6 22. Rd2 Nc7 23. Rfd1 Ne8 24. f4 exf4 25. Bxf4 Ke7 26. Bg5+
Nf6 27. e5 dxe5 28. Rd7+ Ke8 29. Rd8+ Kf7 30. Rxf8+ Kxf8 31. Bxf6 Rc7 32. Bxe5
1-0